| 000 | 01137cam a22002771i 4500 | ||
|---|---|---|---|
| 003 | SA-RiAUC | ||
| 005 | 20241007074259.0 | ||
| 008 | 241005s1982 su g f00000bara c | ||
| 040 |
_aSA-RiAUC _bara _cSA-RiAUC _erda |
||
| 043 | _af-ti--- | ||
| 050 | 4 | _bI27 1982 | |
| 082 | 0 | 4 |
_a928.1 _qSA-RiAUC |
| 090 |
_a928.1 _bا ب ر |
||
| 100 | 1 |
_aإبراهيم، مصطفى عبد الواحد، _d1358 هجري- _eمؤلف. |
|
| 245 | 1 | 0 |
_aابن شرف القيرواني : _bالشاعر الناقد / _cتأليف مصطفى عبد الواحد. |
| 250 | _aالطبعة الأولى. | ||
| 264 | 1 |
_aمكة المكرمة : _bنادي مكة الثقافي الأدبي، _c1982 |
|
| 300 |
_a144 صفحة ؛ _c20 سم |
||
| 336 |
_aنص _btxt _2rdacontent _3كتاب |
||
| 337 |
_aبدون وسيط _bn _2rdamedia |
||
| 338 |
_aمجلد _bnc _2rdacarrier |
||
| 600 | 1 | 7 |
_aابن شرف القيرواني، محمد بن سعيد بن أحمد، _d390-460 هجري _2aucnm |
| 650 | 7 |
_aالشعر العربي _zتونس _yالأغالبة، 800-909 _2aucsh |
|
| 942 |
_2ddc _cBOOK _n0 |
||
| 949 |
_aSA-JeALM _d241005 _umohamedma123 _n1 |
||
| 999 |
_c968 _d968 |
||